Catálogo público

Etiología de la pudrición del maguey pulquero (Agave salmiana) en el Ejido de San Felipe Sultepec, Calpulalpan, Tlaxcala / (Record no. 219524)

MARC details
000 -CABECERA
campo de control de longitud fija 02048nam a2200277 a 4500
003 - IDENTIFICADOR DEL NÚMERO DE CONTROL
campo de control OSt
005 - FECHA Y HORA DE LA ÚLTIMA TRANSACCIÓN
campo de control 20251111112120.0
007 - CAMPO FIJO DE DESCRIPCIÓN FÍSICA--INFORMACIÓN GENERAL
campo de control de longitud fija cr ||||||a|c|a
008 - DATOS DE LONGITUD FIJA--INFORMACIÓN GENERAL
campo de control de longitud fija 240115s2020 mx a|||fom||| 00| 0 spa d
040 ## - FUENTE DE LA CATALOGACIÓN
Normas de descripción rda
100 1# - ENTRADA PRINCIPAL--NOMBRE DE PERSONA
9 (RLIN) 188455
Nombre de persona Zanabria Vásquez, Héctor Mauricio
245 10 - MENCIÓN DE TÍTULO
Título Etiología de la pudrición del maguey pulquero (Agave salmiana) en el Ejido de San Felipe Sultepec, Calpulalpan, Tlaxcala /
Mención de responsabilidad, etc. por Héctor Mauricio Zanabria Vásquez ; director de tesis María de Lourdes Rodríguez Mejía.
264 #1 - PRODUCCIÓN, PUBLICACIÓN, DISTRIBUCIÓN, FABRICACIÓN Y COPYRIGHT
Producción, publicación, distribución, fabricación y copyright Chapingo, México :
Nombre del de productor, editor, distribuidor, fabricante El autor,
Fecha de producción, publicación, distribución, fabricación o copyright 2020.
300 ## - DESCRIPCIÓN FÍSICA
Extensión 1 recurso en línea ( 38 páginas):
Otras características físicas figuras, cuadros.
336 ## - TIPO DE CONTENIDO
Fuente rdacontent
Término de tipo de contenido texto
Código de tipo de contenido txt
337 ## - TIPO DE MEDIO
Fuente rdamedia
Nombre/término del tipo de medio computadora
Código del tipo de medio c
338 ## - TIPO DE SOPORTE
Fuente rdacarrier
Nombre/término del tipo de soporte recurso en línea
Código del tipo de soporte cr
502 ## - NOTA DE TESIS
Tipo de título Ingeniero Agrónomo Especialista en Parasitología Agrícola
Nombre de la institución que otorga el título Departamento de Enseñanza, Investigación y Servicio en Parasitología Agrícola,
Año de obtención del título 2020.
Información miscelánea Licenciatura
504 ## - NOTA DE BIBLIOGRAFÍA, ETC.
Nota de bibliografía, etc. Incluye referencias bibliográficas: páginas 25-29.
520 ## - SUMARIO, ETC.
Sumario, etc. Recientemente en el Ejido de San Felipe Sultepec, Calpulalpan, se ha presentado una enfermedad sobre el cultivo de maguey pulquero (Agave salmiana), caracterizada por la pudrición total de la planta, la cual se observa después de que el picudo del agave (Scyphophorus acupunctatus) realiza perforaciones sobre las pencas y cogollo del maguey. Con el propósito de conocer el agente causal de dicha enfermedad, se colecto material vegetal con síntomas de pudrición. Se aisló y purifico a partir del tejido afectado una bacteria que posteriormente fue sometida a las pruebas bioquímicas, fisiológicas y la técnica de PCR utilizando los primers LAPS 5 y LAPS27 para su identificación. Los resultados indicaron que la pudrición del maguey pulquero es causada posiblemente por Pseudomonas tolaasii.
650 #4 - PUNTO DE ACCESO ADICIONAL DE MATERIA--TÉRMINO DE MATERIA
9 (RLIN) 188456
Término de materia o nombre geográfico como elemento de entrada Agave salmiana
Subdivisión general Enfermedades por hongos
650 #4 - PUNTO DE ACCESO ADICIONAL DE MATERIA--TÉRMINO DE MATERIA
9 (RLIN) 131720
Término de materia o nombre geográfico como elemento de entrada Hongos fitopatógenos
Subdivisión general Identificación
700 1# - PUNTO DE ACCESO ADICIONAL--NOMBRE DE PERSONA
9 (RLIN) 98687
Nombre de persona Rodríguez Mejía, María de Lourdes
Término indicativo de función/relación director.
856 ## - LOCALIZACIÓN Y ACCESO ELECTRÓNICOS
Identificador Uniforme del Recurso http://10.13.5.2/tesis/tl/Zanabria_Vasquez_Hector_Mauricio.pdf
Nota pública DESCARGAR PDF
942 ## - ELEMENTOS DE PUNTO DE ACCESO ADICIONAL (KOHA)
Fuente del sistema de clasificación o colocación Clasificación Universidad Autónoma Chapingo
Holdings
Estado de retiro Estado de pérdida Fuente del sistema de clasificación o colocación Estado dañado Restricciones de uso No para préstamo Código de colección Localización permanente Ubicación/localización actual Ubicación en estantería Fecha de adquisición Total de préstamos Signatura topográfica completa Fecha visto por última vez Precio válido a partir de Tipo de ítem Koha
    Clasificación Universidad Autónoma de Chapingo   Préstamo interno   Tesis digitales de Licenciatura Biblioteca Digital Biblioteca Digital En línea 23/02/2024   Tesis digital 23/02/2024 23/02/2024 Tesis digital